[Event "Masters"]
[Site "Abu Dhabi"]
[Date "2004.08.15"]
[Round "2"]
[White "Hakki, Imad"]
[Black "Gleizerov, Evgeny"]
[Result "0-1"]
[WhiteElo "2451"]
[BlackElo "2539"]
[PlyCount "46"]
[EventDate "2004.08.14"]
[Source "Roberto Alvarez"]
[SourceDate "2004.08.30"]

1. d4 e6 2. e4 d5 3. Nc3 Nf6 4. Bg5 Be7 5. e5 Nfd7 6. h4 O-O 7. Bd3 c5 8. Bxe7 Qxe7 9. Nf3 cxd4 10. Nb5 Nc6 11. Qe2 a6 12. Nbxd4 Ndxe5 13. Bxh7+ Kxh7 14. Ng5+ Kh6 15. O-O-O f6 16. f4 Nxd4 17. Rxd4 Nc6 18. Rdd1 e5 19. Rxd5 exf4 20. Qc4 Qe3+ 21. Kb1 Ne5 22. Qb4 Bf5 23. Re1 Nc6 0-1

[Event "Vinkovci"]
[Site "Vinkovci"]
[Date "1993.??.??"]
[Round "5"]
[White "Sax, Gyula"]
[Black "Kovacevic, Vlatko"]
[Result "1/2-1/2"]
[WhiteElo "2515"]
[BlackElo "2475"]
[PlyCount "59"]
[EventDate "1993.12.??"]
[Source "ChessBase"]

1. e4 e6 2. d4 d5 3. Nc3 Nf6 4. Bg5 Be7 5. e5 Nfd7 6. h4 Bxg5 7. hxg5 Qxg5 8. Nh3 Qe7 9. Nf4 Nc6 10. Qg4 g6 11. O-O-O Nb6 12. Rh6 Bd7 13. Bb5 O-O-O 14. Bxc6 Bxc6 15. Rdh1 Nc4 16. a3 b6 17. Rxh7 Rxh7 18. Rxh7 Kb7 19. Nxg6 Rg8 20. Nxe7 Rxg4 21. Nxc6 Kxc6 22. g3 Rxd4 23. Rxf7 Rg4 24. Re7 d4 25. Nd1 Rg6 26. b3 Nxe5 27. Kd2 a5 28. Nb2 Kd6 29. Rh7 b5 30. a4 1/2-1/2

[Event "Paris APSAP"]
[Site "Paris FRA"]
[Date "1994.??.??"]
[Round "8"]
[White "Murey, Jacob I"]
[Black "Bricard, Emmanuel"]
[Result "0-1"]
[WhiteElo "2525"]
[BlackElo "2465"]
[PlyCount "114"]
[EventDate "1994.12.??"]
[Source "www.chesslib.no"]
[SourceDate "2004.05.04"]

1. e4 e6 2. d4 d5 3. Nc3 Nf6 4. Bg5 Be7 5. e5 Nfd7 6. h4 c5 7. Nb5 f6 8. Bd3 a6 9. Qh5+ Kf8 10. Nd6 Bxd6 11. exd6 cxd4 12. Bxh7 Ne5 13. Bf4 Qxd6 14. Ne2 Nbc6 15. O-O-O Bd7 16. Bxe5 Nxe5 17. f4 Be8 18. fxe5 Bxh5 19. exd6 Rxh7 20. Rd2 Bxe2 21. Rxe2 Kf7 22. g3 Rd8 23. Rd1 e5 24. c3 dxc3 25. Rxd5 Ke6 26. Rd3 cxb2+ 27. Rxb2 Rd7 28. Rb6 Rh8 29. Kd2 g6 30. Ke3 Rhd8 31. a4 Rc8 32. Rdb3 Rc4 33. a5 Ra4 34. Rxb7 Rxd6 35. R3b6 Rxa5 36. Rxd6+ Kxd6 37. Rg7 Ra3+ 38. Kf2 Ra2+ 39. Ke3 Ke6 40. Rxg6 Ra3+ 41. Kf2 Kf7 42. h5 Rd3 43. g4 Rd6 44. g5 Re6 45. Rh6 fxg5 46. Rh7+ Kf6 47. Ke3 e4 48. Rh6+ Kf5 49. Rh8 Kg4 50. h6 Kh4 51. h7 Re7 52. Ra8 Rxh7 53. Rxa6 Re7 54. Ra1 Kh3 55. Rh1+ Kg2 56. Ra1 g4 57. Kf4 e3 0-1

[Event "Sochi RUS"]
[Site "Sochi RUS"]
[Date "1989.??.??"]
[Round "?"]
[White "Khalifman, Alexander V"]
[Black "Ulibin, Mikhail"]
[Result "1-0"]
[WhiteElo "2545"]
[BlackElo "2445"]
[PlyCount "30"]
[EventDate "1989.??.??"]
[Source "www.chesslib.no"]
[SourceDate "2004.05.04"]

1. e4 e6 2. d4 d5 3. Nc3 Nf6 4. Bg5 Be7 5. e5 Nfd7 6. h4 O-O 7. Bc4 Bxg5 8. Nh3 Na6 9. Qd2 Rb8 10. b3 Ndc5 11. Qf4 b6 12. Qf3 dxc4 13. Ne2 c3 14. Qh5 Nb7 15. g3 Qd6 1-0

[Event "RUS-Cup"]
[Site "Tomsk"]
[Date "1999.??.??"]
[Round "6"]
[White "Frolov, Denis"]
[Black "Volkov, Sergey"]
[Result "1/2-1/2"]
[WhiteElo "2399"]
[BlackElo "2587"]
[PlyCount "36"]
[EventDate "1999.??.??"]
[Source "www.chesslib.no"]
[SourceDate "2004.05.04"]

1. e4 e6 2. d4 d5 3. Nc3 Nf6 4. Bg5 Be7 5. e5 Nfd7 6. h4 Bxg5 7. hxg5 Qxg5 8. Nh3 Qe7 9. Qg4 f5 10. Qh5+ g6 11. Qh6 Nf8 12. Nf4 Qf7 13. Be2 Nc6 14. Nh5 Nxd4 15. Nf6+ Kd8 16. Qh4 Nxc2+ 17. Kd2 Nxa1 18. Nfxd5+ Ke8 1/2-1/2

[Event "Vinkovci"]
[Site "Vinkovci"]
[Date "1989.??.??"]
[Round "?"]
[White "Strikovic, Aleksa"]
[Black "Kovacevic, Vlatko"]
[Result "0-1"]
[WhiteElo "2470"]
[BlackElo "2515"]
[PlyCount "154"]
[EventDate "1989.10.??"]
[Source "ChessBase"]

1. e4 e6 2. d4 d5 3. Nc3 Nf6 4. Bg5 Be7 5. e5 Nfd7 6. h4 Bxg5 7. hxg5 Qxg5 8. Nh3 Qh6 9. Bd3 a6 10. Qg4 Nc6 11. Ne2 Nb6 12. Nef4 Bd7 13. Nh5 O-O-O 14. Ng5 g6 15. Ng3 Qf8 16. c3 h6 17. Nf3 Na5 18. Qf4 g5 19. Qc1 Be8 20. Qc2 f5 21. exf6 Qxf6 22. O-O-O Nac4 23. Qe2 g4 24. Nh4 h5 25. b3 Nd6 26. Kb2 Bb5 27. a4 Bxd3 28. Rxd3 Rde8 29. a5 Nd7 30. Re3 e5 31. dxe5 Rxe5 32. f4 Qxf4 33. Rxe5 Nxe5 34. Nxh5 Rxh5 35. Ng6 Nd3+ 36. Kc2 Nb4+ 37. Kb2 Qh6 38. Rxh5 Qxh5 39. Qe6+ Kb8 40. cxb4 Qf5 41. Qxf5 Nxf5 42. Kc3 c6 43. Kd3 Kc7 44. Ne5 g3 45. Nf3 b6 46. Ng1 bxa5 47. bxa5 c5 48. Ne2 Kc6 49. Nf4 Nh4 50. Kc3 Kb5 51. Kd3 d4 52. Ne2 Kxa5 53. Kc4 Kb6 54. Nxg3 Nxg2 55. b4 Ne3+ 56. Kd3 cxb4 57. Kxd4 Nc2+ 58. Kc4 a5 59. Nf5 Na3+ 60. Kb3 Kc5 61. Ka4 Nc4 62. Ng3 Kd4 63. Ne2+ Kd3 64. Nf4+ Ke4 65. Ne6 Kd5 66. Nf4+ Kd4 67. Ne6+ Kc3 68. Nc5 Kc2 69. Ne6 Ne5 70. Nd4+ Kd3 71. Nb3 Kc3 72. Nc5 Nc4 73. Ne4+ Kd4 74. Nf2 Ne3 75. Kb3 Nd5 76. Ka4 Nc3+ 77. Kb3 Ne4 0-1

[Event "Yerevan ol (Men)"]
[Site "Yerevan"]
[Date "1996.??.??"]
[Round "13"]
[White "Situru, Nathanael"]
[Black "Huebner, Robert"]
[Result "0-1"]
[WhiteElo "2385"]
[BlackElo "2595"]
[PlyCount "96"]
[EventDate "1996.09.??"]
[Source "www.chesslib.no"]
[SourceDate "2004.05.04"]

1. e4 e6 2. d4 d5 3. Nc3 Nf6 4. Bg5 Be7 5. e5 Nfd7 6. h4 c5 7. Bxe7 Kxe7 8. Qg4 Nc6 9. Qg5+ Kf8 10. Qxd8+ Nxd8 11. f4 b6 12. Nf3 Nc6 13. O-O-O Ke7 14. Bb5 Bb7 15. h5 h6 16. g4 Nxd4 17. Nxd4 cxd4 18. Rxd4 Nc5 19. b4 a6 20. Ba4 Nxa4 21. Nxa4 Bc6 22. Nc3 Rac8 23. Kb2 Rc7 24. f5 Rhc8 25. Rh3 Bd7 26. fxe6 fxe6 27. a3 Rc4 28. Rhd3 Be8 29. Rxc4 Rxc4 30. Rg3 Rf4 31. Kc1 d4 32. Nb1 Re4 33. Nd2 Rxe5 34. Rd3 Re1+ 35. Kb2 e5 36. c3 Re3 37. Rxe3 dxe3 38. Nf3 e4 39. Nd4 Kf6 40. Kc1 Bd7 41. Nc2 e2 42. Kd2 Bxg4 43. Ne3 Bxh5 44. c4 Ke5 45. b5 axb5 46. cxb5 Kd4 47. Nf5+ Kc4 48. Nxg7 Bg4 0-1

[Event "Altensteig"]
[Site "Altensteig"]
[Date "1992.??.??"]
[Round "3"]
[White "Schlosser, Philipp"]
[Black "Stangl, Markus"]
[Result "1/2-1/2"]
[WhiteElo "2500"]
[BlackElo "2475"]
[PlyCount "37"]
[EventDate "1992.07.??"]
[Source "ChessBase"]

1. e4 e6 2. d4 d5 3. Nc3 Nf6 4. Bg5 Be7 5. e5 Nfd7 6. h4 c5 7. Nb5 f6 8. Bd3 a6 9. Qh5+ Kf8 10. Rh3 axb5 11. Bh6 Qa5+ 12. Bd2 Qc7 13. Rg3 cxd4 14. Nf3 Nxe5 15. Rxg7 h6 16. Bh7 Kxg7 17. Qxh6+ Kf7 18. Qh5+ Kg7 19. Qh6+ 1/2-1/2

[Event "Mermaid Beach Club"]
[Site "Bermuda"]
[Date "1999.01.30"]
[Round "10"]
[White "Nataf, Igor Alexandre"]
[Black "Thorhallsson, Throstur"]
[Result "1/2-1/2"]
[WhiteElo "2475"]
[BlackElo "2499"]
[PlyCount "45"]
[EventDate "1999.01.21"]
[Source "ChessBase"]
[SourceDate "1999.04.01"]

1. e4 e6 2. d4 d5 3. Nc3 Nf6 4. Bg5 Be7 5. e5 Nfd7 6. h4 Bxg5 7. hxg5 Qxg5 8. Qd3 g6 9. Nf3 Qe7 10. Qe3 a6 11. O-O-O c5 12. dxc5 Qxc5 13. Nd4 Nc6 14. f4 Nxd4 15. Rxd4 b5 16. Qd2 Bb7 17. Rh3 Nb6 18. Nd1 Rc8 19. Ne3 Nd7 20. Be2 Qe7 21. Bd3 Qc5 22. Be2 Qe7 23. Bd3 1/2-1/2

[Event "Open"]
[Site "Geneve"]
[Date "2004.01.25"]
[Round "2"]
[White "Papa, Severin"]
[Black "Ulibin, Mikhail"]
[Result "1/2-1/2"]
[WhiteElo "2401"]
[BlackElo "2570"]
[PlyCount "83"]
[EventDate "2004.??.??"]
[Source "Roberto Alvarez"]
[SourceDate "2004.02.23"]

1. e4 e6 2. d4 d5 3. Nc3 Nf6 4. Bg5 Be7 5. e5 Nfd7 6. h4 O-O 7. Qg4 f6 8. Bd3 Rf7 9. Nxd5 exd5 10. e6 Bb4+ 11. Bd2 Bxd2+ 12. Kxd2 Re7 13. exd7 Nxd7 14. Qh5 Nf8 15. Nf3 Qd6 16. Rae1 Be6 17. Re3 Rae8 18. Rhe1 c6 19. c3 Bf7 20. Qg4 h5 21. Qg3 Qxg3 22. fxg3 Rxe3 23. Rxe3 Rxe3 24. Kxe3 Bg6 25. Be2 Bf5 26. Ne1 g6 27. Bd3 Bc8 28. Be2 Kf7 29. Nd3 Bf5 30. Nf2 Ne6 31. g4 hxg4 32. Bxg4 Ng7 33. g3 Bxg4 34. Nxg4 Nf5+ 35. Kf4 Ng7 36. Ne3 Ne6+ 37. Kf3 f5 38. g4 fxg4+ 39. Nxg4 Kg7 40. Ne5 Kf6 41. Ng4+ Kf5 42. Ne3+ 1/2-1/2

[Event "URS-sf Ukraine-ch"]
[Site "Kherson"]
[Date "1989.??.??"]
[Round "?"]
[White "Kuzmin, Gennadi P"]
[Black "Huzman, Alexander"]
[Result "1-0"]
[WhiteElo "2495"]
[BlackElo "2475"]
[PlyCount "73"]
[EventDate "1989.11.??"]
[Source "ChessBase"]

1. e4 e6 2. d4 d5 3. Nc3 Nf6 4. Bg5 Be7 5. e5 Nfd7 6. h4 c5 7. Nb5 cxd4 8. Nd6+ Kf8 9. Qh5 Nxe5 10. Bxe7+ Qxe7 11. Qxe5 Nc6 12. Qg3 e5 13. Qa3 Be6 14. Bb5 Rd8 15. Nxb7 Nb4 16. Ba4 Rc8 17. Kd2 Qxb7 18. c3 dxc3+ 19. bxc3 a5 20. Ne2 d4 21. cxb4 axb4 22. Rhb1 Rc4 23. Qg3 d3 24. Nc1 Qc7 25. Nxd3 Rd4 26. Rxb4 Qa5 27. Rab1 e4 28. Kc1 Rxd3 29. Rb8+ Ke7 30. R1b7+ Rd7 31. Qa3+ Kf6 32. Rxd7 Qe1+ 33. Rd1 Qxf2 34. Qb2+ Qxb2+ 35. Rxb2 Ke5 36. Re1 f5 37. Bb3 1-0

[Event "Peer Gynt"]
[Site "Gausdal NOR"]
[Date "1991.??.??"]
[Round "8"]
[White "Stefansson, Hannes H"]
[Black "Ostenstad, Berge"]
[Result "1/2-1/2"]
[WhiteElo "2470"]
[BlackElo "2500"]
[PlyCount "92"]
[EventDate "1991.07.??"]
[Source "www.chesslib.no"]
[SourceDate "2004.05.04"]

1. e4 e6 2. d4 d5 3. Nc3 Nf6 4. Bg5 Be7 5. e5 Nfd7 6. h4 Bxg5 7. hxg5 Qxg5 8. Nh3 Qe7 9. Nf4 c5 10. Nb5 cxd4 11. Nd3 Kd8 12. Qg4 g6 13. Nxd4 Nc6 14. Nf3 b6 15. Qf4 Ba6 16. O-O-O Kc7 17. Rh6 Kb7 18. Re1 Raf8 19. Qh2 Rc8 20. Kb1 Bxd3 21. Bxd3 Nb4 22. Qf4 Nxd3 23. cxd3 Nc5 24. Qd4 Rc7 25. Reh1 Qd7 26. Rxh7 Rxh7 27. Rxh7 Qb5 28. Ng5 Qxd3+ 29. Qxd3 Nxd3 30. Rxf7 Rxf7 31. Nxf7 Kc7 32. f3 Kd7 33. Nh8 g5 34. Nf7 g4 35. fxg4 Ke7 36. Nd6 Nxe5 37. Nc8+ Kd7 38. Nxa7 Nxg4 39. a4 e5 40. b4 e4 41. Nb5 Ne3 42. a5 bxa5 43. bxa5 Nxg2 44. a6 e3 45. Nc3 Kc8 46. Ne2 Kc7 1/2-1/2

[Event "Ch Belgium (team) 2006/07"]
[Site "Belgium"]
[Date "2007.01.14"]
[Round "6"]
[White "Feygin Michail (UKR)"]
[Black "Zaragatski Ilja (GER)"]
[Result "1-0"]
[WhiteElo "2520"]
[BlackElo "2445"]
[PlyCount "75"]
[EventDate "2007.??.??"]
[Source "www.chesslib.no"]
[SourceDate "2004.05.04"]

1. e4 e6 2. d4 d5 3. Nc3 Nf6 4. Bg5 Be7 5. e5 Nfd7 6. h4 c5 7. Bxe7 Kxe7 8. f4 Nc6 9. dxc5 Nxc5 10. Qg4 Kf8 11. O-O-O Qa5 12. Kb1 d4 13. Nb5 Ne4 14. Nh3 Nd2+ 15. Rxd2 Qxd2 16. Bd3 h6 17. Nd6 Ne7 18. Rd1 Qb4 19. a3 Qb6 20. Qh5 g6 21. Qf3 Nf5 22. Bxf5 exf5 23. h5 Be6 24. hxg6 fxg6 25. Qg3 Kg7 26. Ng1 d3 27. Qxd3 Rhd8 28. Nf3 Bg8 29. Nd4 Kf8 30. Nf3 Kg7 31. Nh4 Qf2 32. Nxg6 Qxg2 33. Nh4 Qg4 34. Nhxf5+ Kf8 35. Nxh6 Qe6 36. Nxg8 Kxg8 37. Rg1+ Kf8 38. Qh7 1-0

[Event "Cheliabinsk"]
[Site "Cheliabinsk"]
[Date "1991.??.??"]
[Round "?"]
[White "Sorokin, Maxim"]
[Black "Ulibin, Mikhail"]
[Result "1/2-1/2"]
[WhiteElo "2500"]
[BlackElo "2465"]
[PlyCount "38"]
[EventDate "1991.??.??"]
[Source "ChessBase"]

1. e4 e6 2. d4 d5 3. Nc3 Nf6 4. Bg5 Be7 5. e5 Nfd7 6. h4 c5 7. Nb5 f6 8. Bd3 a6 9. Qh5+ Kf8 10. Rh3 axb5 11. Bh6 Qa5+ 12. Bd2 Qc7 13. Rg3 cxd4 14. Nf3 Nxe5 15. Rxg7 h6 16. Bh7 Kxg7 17. Qxh6+ Kf7 18. Qh5+ Kg7 19. Qh6+ Kf7 1/2-1/2

[Event "It Pobeda-2003"]
[Site "Alushta"]
[Date "2003.05.??"]
[Round "?"]
[White "Kovalev, Andrei"]
[Black "Chuprikov, Dmitry"]
[Result "1/2-1/2"]
[WhiteElo "2540"]
[BlackElo "2424"]
[PlyCount "103"]
[EventDate "2003.05.01"]
[Source "Roberto Alvarez"]
[SourceDate "2003.05.19"]

1. e4 e6 2. d4 d5 3. Nc3 Nf6 4. Bg5 Be7 5. e5 Nfd7 6. h4 c5 7. Bxe7 Kxe7 8. f4 Qb6 9. Na4 Qa5+ 10. c3 b6 11. Nf3 Nc6 12. Kf2 Ba6 13. Bxa6 Qxa6 14. b3 Rac8 15. Qd2 cxd4 16. cxd4 Qa5 17. Qxa5 Nxa5 18. Rac1 Nb8 19. Nb2 Kd7 20. b4 Nac6 21. Nd3 h6 22. h5 Na6 23. Rb1 Ne7 24. Rhc1 Rc4 25. b5 Nc7 26. Rb2 Ra8 27. g4 a6 28. bxa6 Rxa6 29. Ke3 Ra3 30. Rd1 Nc6 31. Rxb6 Nb4 32. Nfe1 Nca6 33. Rb7+ Rc7 34. Rxc7+ Kxc7 35. Rc1+ Kd7 36. Rb1 Nxd3 37. Nxd3 Rxa2 38. f5 Rg2 39. fxe6+ fxe6 40. Rb6 Rg3+ 41. Ke2 Nc7 42. Nc5+ Ke7 43. Rc6 Nb5 44. Nxe6 Rxg4 45. Ke3 Re4+ 46. Kd3 Nxd4 47. Nxd4 Rxe5 48. Nf3 Rxh5 49. Kd4 Kf7 50. Ne5+ Kg8 51. Kxd5 Rh1 52. Ke6 1/2-1/2

[Event "HUN-ch"]
[Site "HUN"]
[Date "1973.??.??"]
[Round "?"]
[White "Sax, Gyula"]
[Black "Bilek, Istvan"]
[Result "1/2-1/2"]
[WhiteElo "2460"]
[BlackElo "2500"]
[PlyCount "46"]
[EventDate "1973.??.??"]
[Source "ChessBase"]

1. e4 e6 2. d4 d5 3. Nc3 Nf6 4. Bg5 Be7 5. e5 Nfd7 6. h4 c5 7. Bxe7 Qxe7 8. Nb5 O-O 9. Nc7 cxd4 10. Nxa8 f6 11. Qxd4 Nc6 12. Qd2 fxe5 13. O-O-O Nf6 14. f3 Qd6 15. h5 Bd7 16. h6 g6 17. Qg5 Kf7 18. Ne2 Rxa8 19. Nc3 Rc8 20. Qxf6+ Kxf6 21. Ne4+ dxe4 22. Rxd6 Ke7 23. Rd2 exf3 1/2-1/2

[Event "Vikings Challengers 2nd"]
[Site "York"]
[Date "2000.12.20"]
[Round "8"]
[White "Gormally, Daniel"]
[Black "Summerscale, Aaron"]
[Result "0-1"]
[WhiteElo "2499"]
[BlackElo "2459"]
[PlyCount "74"]
[EventDate "2000.12.13"]
[Source "ChessBase"]
[SourceDate "2001.01.11"]

1. e4 e6 2. d4 d5 3. Nc3 Nf6 4. Bg5 Be7 5. e5 Nfd7 6. h4 c5 7. Bxe7 Kxe7 8. dxc5 Nxe5 9. Qe2 Nec6 10. O-O-O Kf8 11. f4 Qe7 12. Nf3 Nd7 13. g4 h5 14. g5 g6 15. Ne5 Ndxe5 16. fxe5 Qxc5 17. Bg2 Nd4 18. Qd3 Nf5 19. Rde1 Qd4 20. Qf3 Qg4 21. Qf1 Bd7 22. Kb1 Rc8 23. Bh3 Qc4 24. Qf2 Qxh4 25. Qxa7 Ng3 26. Qf2 Qxg5 27. Rhg1 h4 28. Nxd5 Kg7 29. Ne3 Qe7 30. Ng2 Nf5 31. Bxf5 exf5 32. e6 Bxe6 33. Nf4 Rc6 34. Qd4+ Qf6 35. Qa7 Ra6 36. Qxb7 Bxa2+ 37. Kc1 Rb6 0-1

[Event "JUG-chT"]
[Site "Herceg Novi"]
[Date "2001.05.??"]
[Round "9"]
[White "Pikula, Dejan"]
[Black "Kalezic, Blazo"]
[Result "1/2-1/2"]
[WhiteElo "2513"]
[BlackElo "2443"]
[PlyCount "31"]
[EventDate "2001.05.??"]
[Source "ChessBase"]
[SourceDate "2001.07.03"]

1. e4 e6 2. d4 d5 3. Nc3 Nf6 4. Bg5 Be7 5. e5 Nfd7 6. h4 a6 7. Qg4 Bxg5 8. hxg5 c5 9. g6 f5 10. Qf4 h6 11. dxc5 Nc6 12. Nf3 Ne7 13. O-O-O Nf8 14. Qg3 Qa5 15. Nd4 Qxc5 16. Be2 1/2-1/2

[Event "ISL-FRA"]
[Site "Reykjavik"]
[Date "1993.??.??"]
[Round "9"]
[White "Stefansson, Hannes"]
[Black "Bricard, Emmanuel"]
[Result "1-0"]
[WhiteElo "2495"]
[BlackElo "2460"]
[PlyCount "45"]
[EventDate "1993.??.??"]
[Source "ChessBase"]

1. e4 e6 2. d4 d5 3. Nc3 Nf6 4. Bg5 Be7 5. e5 Nfd7 6. h4 f6 7. Qh5+ Kf8 8. exf6 Nxf6 9. Qe2 c5 10. dxc5 b6 11. c6 Nxc6 12. Nf3 Kf7 13. Bf4 Bd6 14. Bxd6 Qxd6 15. O-O-O Re8 16. Nb5 Qb8 17. h5 h6 18. Nbd4 Nxd4 19. Ne5+ Kg8 20. Rxd4 Nd7 21. Ng4 Qd6 22. Qd3 Qf8 23. Qg6 1-0

[Event "Cappelle Open"]
[Site "Cappelle la Grande FRA"]
[Date "1993.??.??"]
[Round "8"]
[White "Rytshagov, Mikhail"]
[Black "Bykhovsky, Avigdor"]
[Result "1/2-1/2"]
[WhiteElo "2435"]
[BlackElo "2520"]
[PlyCount "45"]
[EventDate "1993.02.??"]
[Source "www.chesslib.no"]
[SourceDate "2004.05.04"]

1. e4 e6 2. d4 d5 3. Nc3 Nf6 4. Bg5 Be7 5. e5 Nfd7 6. h4 a6 7. Qg4 h5 8. Qg3 Bxg5 9. hxg5 g6 10. O-O-O b5 11. Qe3 Rg8 12. f4 Nb6 13. Nf3 Qe7 14. Nh2 N8d7 15. g4 hxg4 16. Nxg4 Bb7 17. Rh7 O-O-O 18. Nh6 Rgf8 19. Bd3 Nc4 20. Bxc4 dxc4 21. Ne4 Bxe4 22. Qxe4 Nb6 23. c3 1/2-1/2

[Event "YUG Team Ch"]
[Site "?"]
[Date "2002.??.??"]
[Round "?"]
[White "Ivanovic Bozidar"]
[Black "Kalezic Blazo"]
[Result "1/2-1/2"]
[WhiteElo "2496"]
[BlackElo "2458"]
[PlyCount "44"]
[EventDate "2002.??.??"]
[Source "www.chesslib.no"]
[SourceDate "2004.05.04"]

1. e4 e6 2. d4 d5 3. Nc3 Nf6 4. Bg5 Be7 5. e5 Nfd7 6. h4 a6 7. Qg4 Bxg5 8. Qxg5 O-O 9. Qxd8 Rxd8 10. f4 c5 11. Nf3 Nc6 12. O-O-O b5 13. dxc5 Nxc5 14. Nd4 Bd7 15. Rh3 b4 16. Nce2 Ne7 17. Kb1 h5 18. Rf3 Rdc8 19. Ng3 g6 20. Bd3 Rc7 21. Nde2 Kg7 22. Re3 Rac8 1/2-1/2

[Event "1 division 2002/03"]
[Site "?"]
[Date "2002.12.01"]
[Round "1.2"]
[White "Berg Emanuel"]
[Black "Hoi Carsten"]
[Result "1-0"]
[WhiteElo "2535"]
[BlackElo "2412"]
[PlyCount "123"]
[EventDate "2002.??.??"]
[Source "www.chesslib.no"]
[SourceDate "2004.05.04"]

1. e4 e6 2. d4 d5 3. Nc3 Nf6 4. Bg5 Be7 5. e5 Nfd7 6. h4 h6 7. Qh5 Nc6 8. O-O-O Nb6 9. Be3 Bd7 10. Nge2 g6 11. Qg4 Nc4 12. Nf4 Nxe3 13. fxe3 Bb4 14. Nb1 Ne7 15. c3 Ba5 16. Bd3 c6 17. Rdf1 Nf5 18. Qf3 h5 19. Nd2 Qe7 20. e4 dxe4 21. Nxe4 O-O-O 22. Qf2 Bb6 23. Bc2 Kb8 24. Kb1 Bc8 25. Rd1 Qc7 26. Nd3 Qe7 27. g3 Bc7 28. Ba4 Bb6 29. Qf3 Bd7 30. Bb3 Bc8 31. Rhf1 Rhf8 32. Bc2 Bc7 33. Ba4 Bb6 34. Rf2 Bc7 35. Rfd2 Ba5 36. Qf2 Bb6 37. Bc2 Ba5 38. a3 Bb6 39. Nf4 Qc7 40. Nd3 Qe7 41. Ka2 Ba5 42. Nf6 Bb6 43. b4 Bc7 44. Nf4 Bb6 45. Ne2 Qc7 46. Qf3 Qe7 47. Be4 Bc7 48. Kb2 Rh8 49. Nf4 Rhf8 50. Rd3 a5 51. Ka2 axb4 52. axb4 Bb6 53. Ne2 Nh6 54. Rf1 Nf5 55. Kb3 Bc7 56. Ra1 Nh6 57. Qe3 Nf5 58. Qd2 Bb6 59. c4 Ba7 60. c5 Qc7 61. Qa2 b6 62. Kc2 1-0

[Event "JUG-ch Podgorica"]
[Site "Podgorica"]
[Date "1996.??.??"]
[Round "15"]
[White "Velimirovic, Dragoljub"]
[Black "Stojanovic, Mihajlo"]
[Result "1-0"]
[WhiteElo "2510"]
[BlackElo "2435"]
[PlyCount "61"]
[EventDate "1996.02.??"]
[Source "ChessBase"]

1. e4 e6 2. d4 d5 3. Nc3 Nf6 4. Bg5 Be7 5. e5 Nfd7 6. h4 Bxg5 7. hxg5 Qxg5 8. Nh3 Qe7 9. Nf4 g6 10. Bd3 Qg5 11. Qd2 a6 12. Bxg6 Nxe5 13. Rh5 Nc4 14. Rxg5 Nxd2 15. Bd3 Nc4 16. Ncxd5 exd5 17. Nxd5 Nb6 18. Nxc7+ Kf8 19. Nxa8 Nxa8 20. Kd2 Nd7 21. Rh1 h6 22. f3 Nf6 23. g4 Nb6 24. Rc5 Kg7 25. g5 Nfd5 26. c4 Nf4 27. gxh6+ Rxh6 28. Rxh6 Kxh6 29. Rc7 Nxd3 30. Kxd3 Kg6 31. d5 1-0

[Event "RUS-Cup10"]
[Site "Tomsk"]
[Date "1997.07.26"]
[Round "5"]
[White "Chigvintsev, Andrei"]
[Black "Ulibin, Mikhail"]
[Result "0-1"]
[WhiteElo "2405"]
[BlackElo "2535"]
[PlyCount "60"]
[EventDate "1997.07.21"]
[Source "www.chesslib.no"]
[SourceDate "2004.05.04"]

1. e4 e6 2. d4 d5 3. Nc3 Nf6 4. Bg5 Be7 5. e5 Nfd7 6. h4 c5 7. Bxe7 Kxe7 8. Nf3 cxd4 9. Qxd4 Nc6 10. Qf4 Qc7 11. O-O-O Ndxe5 12. Qg3 Kf8 13. Nb5 Qb8 14. Nxe5 Qxe5 15. f4 Qf6 16. f5 Qxf5 17. Nc7 Rb8 18. Qd6+ Kg8 19. Re1 Qf6 20. h5 Qd8 21. Qg3 h6 22. Kb1 a6 23. Rh4 e5 24. Rxe5 Nxe5 25. Qxe5 Bd7 26. Rf4 Qg5 27. Qd6 Rd8 28. Qb4 Qe5 29. Bd3 Qxc7 30. Qe7 Rf8 0-1

[Event "Lasker mem op"]
[Site "Barlinek"]
[Date "2001.07.25"]
[Round "9"]
[White "Dworakowska, Joanna"]
[Black "Gleizerov, Evgeny"]
[Result "0-1"]
[WhiteElo "2350"]
[BlackElo "2587"]
[PlyCount "88"]
[EventDate "2001.07.19"]
[Source "ChessBase"]
[SourceDate "2001.11.13"]

1. e4 e6 2. d4 d5 3. Nc3 Nf6 4. Bg5 Be7 5. e5 Nfd7 6. h4 c5 7. Bxe7 Kxe7 8. Qd2 h6 9. Nb5 Nc6 10. c3 Qa5 11. dxc5 Ndxe5 12. f4 Ng4 13. Nf3 Qd8 14. Bd3 b6 15. Nfd4 Bd7 16. Nxc6+ Bxc6 17. Nd4 Rc8 18. Qe2 Nf6 19. cxb6 Qxb6 20. f5 Bd7 21. fxe6 fxe6 22. O-O Kd8 23. Rf2 Re8 24. Bg6 Re7 25. Rd1 e5 26. Nf5 Bxf5 27. Bxf5 Rc6 28. Kh1 Rd6 29. Rff1 e4 30. Rd4 Re5 31. Bh3 Ke7 32. Qe3 Ke8 33. Qg3 Re7 34. Rb4 Qc7 35. Rb8+ Rd8 36. Qg6+ Rf7 37. Rb4 Ke7 38. g4 a5 39. Rb3 Kf8 40. Kg2 e3 41. g5 hxg5 42. hxg5 e2 43. Re1 Ne4 44. c4 Rf2+ 0-1

[Event "FRA-ch Pool B"]
[Site "Vichy"]
[Date "2000.08.22"]
[Round "5"]
[White "Fressinet, Laurent"]
[Black "Vallin, Guillaume"]
[Result "1-0"]
[WhiteElo "2536"]
[BlackElo "2399"]
[PlyCount "59"]
[EventDate "2000.08.15"]
[Source "ChessBase"]
[SourceDate "2000.11.21"]

1. e4 e6 2. d4 d5 3. Nc3 Nf6 4. Bg5 Be7 5. e5 Nfd7 6. h4 Bxg5 7. hxg5 Qxg5 8. Nh3 Qe7 9. Nf4 g6 10. Bd3 Qg5 11. Qd2 a6 12. Bxg6 fxg6 13. Nxe6 Qxd2+ 14. Kxd2 c6 15. Nc7+ Kd8 16. Nxa8 b5 17. a4 b4 18. Ne2 a5 19. Nf4 Nf8 20. Nb6 Bf5 21. Rae1 Ne6 22. g4 Bxg4 23. Reg1 Nxf4 24. Rxg4 Nh5 25. Rxh5 gxh5 26. Rg7 h4 27. Rb7 Na6 28. e6 h3 29. Rd7+ Ke8 30. Nc8 1-0